La polychromie dans la sculpture grecque / (Registro nro. 45817)

Detalles MARC
000 -LEADER
campo de control de longitud fija 00672nam a2200205 i 4500
001 - NÚMERO DE CONTROL
campo de control 45817
003 - IDENTIFICADOR DE NÚMERO DE CONTROL
campo de control ES-MaACL
005 - FECHA Y HORA DE LA ÚLTIMA TRANSACCIÓN
campo de control 20250816050159.0
007 - CAMPO FIJO DE DESCRIPCIÓN FÍSICA--INFORMACIÓN GENERAL
campo de control de longitud fija t|
008 - DATOS DE LONGITUD FIJA--INFORMACIÓN GENERAL
campo de control de longitud fija 030327s1898 fr ||||1| fre d
100 1# - ENTRADA PRINCIPAL--NOMBRE DE PERSONA
Nombre de persona Collignon, Maxime.
9 (RLIN) 39712
245 13 - MENCIÓN DEL TÍTULO
Título La polychromie dans la sculpture grecque /
Mención de responsabilidad, etc. Maxime Collignon.
260 ## - PUBLICACIÓN, DISTRIBUCIÓN, ETC.
Lugar de publicación, distribución, etc. Paris :
Nombre del editor, distribuidor, etc. Ernest Leroux,
Fecha de publicación, distribución, etc. 1898.
300 ## - DESCRIPCIÓN FÍSICA
Extensión 103 p, [10] h. de lám. ;
Dimensiones 17 cm.
490 1# - MENCIÓN DE SERIE
Mención de serie Petite bibliothèque d'art et d'archéologie ;
Designación de volumen o secuencia 23
650 #7 - PUNTO DE ACCESO ADICIONAL DE MATERIA--TÉRMINO DE MATERIA
Término de materia o nombre geográfico como elemento de entrada Escultura griega
Fuente del encabezamiento o término embne
9 (RLIN) 12443
830 1# - PUNTO DE ACCESO ADICIONAL DE SERIE-TÍTULO UNIFORME
Título uniforme Petite bibliothèque d'art et d'archéologie ;
Designación de volumen o secuencia 23
9 (RLIN) 184434
852 ## - LOCALIZACIÓN
Ubicación ES-MaACL
Número de control de estantería 1485-F-8
Existencias
Estatus retirado Estado de pérdida Estado de daño No para préstamo Colección Biblioteca de origen Biblioteca actual Ubicación en estantería Fecha de adquisición Fuente de adquisición Total de préstamos Signatura topográfica completa Código de barras Visto por última vez Precio de reemplazo Tipo de ítem Koha
        Colección de folletos Biblioteca del Ateneo de Madrid Biblioteca del Ateneo de Madrid Depósito folletos 17/01/2008     1485-F-8 1048201 23/02/2023 23/02/2023 Folleto